| Tag |
First Indicator |
Second Indicator |
Subfields |
| LEADER |
00000cam a2200000 4500 |
| 001 |
in00000035351 |
| 005 |
20151007060751.0 |
| 008 |
750716s1947 ilua b 10010 eng u |
| 010 |
|
|
|a 49002407
|
| 035 |
|
|
|a (OCoLC)01451610
|
| 035 |
|
|
|9 AAD0115AM
|
| 040 |
|
|
|c COO
|d TXA
|d UtOrBLW
|
| 049 |
|
|
|a TXAM
|c [155509]
|
| 050 |
0 |
0 |
|a GV401
|b .N3 1946a
|
| 082 |
0 |
|
|a 796.06373
|
| 092 |
|
|
|a 796
|b N2773g
|
| 111 |
2 |
|
|a National Facilities Conference
|d (1946 :
|c Jackson's Mill, W. Va.)
|
| 245 |
1 |
2 |
|a A guide for planning facilities for athletics, recreation, physical & health education /
|c by participants in National Facilities Conference.
|
| 264 |
|
1 |
|a Chicago :
|b Athletic Institute,
|c [1947]
|
| 300 |
|
|
|a xi, 127 pages :
|b illustrations ;
|c 28 cm.
|
| 336 |
|
|
|a text
|b txt
|2 rdacontent
|
| 337 |
|
|
|a unmediated
|b n
|2 rdamedia
|
| 338 |
|
|
|a volume
|b nc
|2 rdacarrier
|
| 504 |
|
|
|a Bibliography: pages 121-123.
|
| 650 |
|
0 |
|a Recreation
|v Congresses.
|
| 650 |
|
0 |
|a Athletics
|x Equipment and supplies.
|
| 999 |
|
|
|a MARS
|
| 999 |
f |
f |
|s a511d18b-c82d-3687-abb8-5446a5afb583
|i 53c90006-7665-3c87-8057-ae911c16773d
|t 0
|
| 952 |
f |
f |
|p ric
|a Texas A&M University
|b Rellis Campus
|c Joint Library Facility
|d Remote Storage
|t 0
|e GV401 .N3 1946a
|h Library of Congress classification
|i unmediated -- volume
|m A14801183206
|
| 998 |
f |
f |
|a GV401 .N3 1946a
|t 0
|l Remote Storage
|